| 000 | 01462nam a2200301 i 4500 | ||
|---|---|---|---|
| 001 | 000026101 | ||
| 003 | DO-SdBNP | ||
| 005 | 20260521090352.0 | ||
| 007 | ta | ||
| 008 | 091123s1971 dr a 000 h spa d | ||
| 040 |
_aDO-SdBNP _bspa _cBNPHU _erda |
||
| 041 | _aspa | ||
| 082 | 4 |
_aRD867.44 _bP438e _222 |
|
| 100 | 1 |
_aPérez, Mario Emilio, _d1935- _eautor _4aut. _922183 |
|
| 245 | 1 | 0 |
_aEstampas dominicanas : _b(primera selección) / _cMario Emilio Pérez ; prólogo, Juan José Ayuso. |
| 264 | 1 |
_aSanto Domingo : _bEditora Cultural Dominicana, _c1971. |
|
| 300 |
_a149 páginas : _bilustraciones ; _c22 cm. |
||
| 336 |
_atexto _btxt _2rdacontent |
||
| 337 |
_asin mediación _bn _2rdamedia |
||
| 338 |
_avolumen _bnc _2rdacarrier |
||
| 520 | _a"Estampas Dominicanas" se refiere a una colección de textos que capturan escenas, costumbres y características de la vida dominicana, a menudo presentadas con un enfoque en la vida cotidiana y el humor del dominicano. El libro, escrito por Mario Emilio Pérez, busca reflejar la identidad cultural del país a través de observaciones detalladas y relatos sobre la vida en barrios, el uso del lenguaje, y la idiosincrasia del dominicano. | ||
| 590 | _aInventariado, 2025/ YL | ||
| 650 | 4 |
_aHumorismo dominicano _9275 |
|
| 650 | 4 |
_aLiteratura folclorica dominicana _926923 |
|
| 700 | 1 |
_aAyuso, Juan José, _eprologuista _4pr. _953038 |
|
| 910 | _aYLockward/ Validado. Control de calidad BNPHU | ||
| 942 |
_2ddc _cLBS1 |
||
| 999 |
_c25593 _d25593 |
||